Fundamentals of Signals and Sy ems (Record no. 132650)

000 -LEADER
fixed length control field 00399nam a2200145Ia 4500
008 - FIXED-LENGTH DATA ELEMENTS--GENERAL INFORMATION
fixed length control field 220120s9999||||xx |||||||||||||| ||und||
020 ## - INTERNATIONAL STANDARD BOOK NUMBER
International Standard Book Number 9788177588743
082 ## - DEWEY DECIMAL CLASSIFICATION NUMBER
Classification number 621.382 2
100 ## - MAIN ENTRY--PERSONAL NAME
Personal name Roberts, Michael J and Sharma Govind
245 #0 - TITLE STATEMENT
Title Fundamentals of Signals and Sy ems
250 ## - EDITION STATEMENT
Edition statement 2nd
260 ## - PUBLICATION, DISTRIBUTION, ETC.
Place of publication, distribution, etc. Tata mc graw hill ltd.
Name of publisher, distributor, etc. New Delhi
Date of publication, distribution, etc. 2010
300 ## - PHYSICAL DESCRIPTION
Extent 1108
Other physical details 685
650 ## - SUBJECT ADDED ENTRY--TOPICAL TERM
Topical term or geographic name entry element MECHANICAL
Holdings
Withdrawn status Lost status Damaged status Not for loan Collection code Home library Current library Date acquired Barcode Date last seen Price effective from Koha item type
        Electronics and Communication Engineering Central Library Central Library 01/20/2022 ST306 01/20/2022 01/20/2022 Scheduled Tribe Book Bank

Powered by Koha